LEADER 01110nam0-2200325---450- 001 990009807190403321 005 20140110094250.0 010 $a978-88-204-0714-8 035 $a000980719 035 $aFED01000980719 035 $a(Aleph)000980719FED01 035 $a000980719 100 $a20140110d2012----km-y0itay50------ba 101 0 $aita 102 $aIT 105 $ay-------001yy 200 1 $a<>ambasciatore della nuova Italia a Washington$eAlberto Tarchiani e le relazioni tra Italia e Stati Uniti 1945-1947$fDomenico Fracchiolla$gprefazione di Piero Craveri 210 $aMilano$cFrancoAngeli$d2012 215 $a280 p.$d23 cm 225 1 $aStoria internazionale dell'età contemporanea$v10 610 0 $aItalia$aRelazioni diplomatiche [con gli] Stati Uniti$a1945-1947 676 $a327.45073$v22$zita 700 1$aFracchiolla,$bDomenico$0521771 801 0$aIT$bUNINA$gREICAT$2UNIMARC 901 $aBK 912 $a990009807190403321 952 $aCollez. 2174 (10)$b50332$fFSPBC 959 $aFSPBC 996 $aAmbasciatore della nuova Italia a Washington$9837505 997 $aUNINA LEADER 00852nam0-22003131i-450- 001 990003242300403321 005 20001010 035 $a000324230 035 $aFED01000324230 035 $a(Aleph)000324230FED01 035 $a000324230 100 $a20000920d1975----km-y0itay50------ba 101 0 $aita 105 $ay-------001yy 200 1 $aCOLLOQUIO SULLE basI TEORICHE DELLA RICERCAGEOGRAFICA 205 $a1? 210 $aTorino$cGiappichelli$d1975 215 $app.192 610 0 $aManuali , Geografia Generale 676 $a020.001 700 1$aBuscaglia,$bAugusto$0129315 801 0$aIT$bUNINA$gRICA$2UNIMARC 901 $aBK 912 $a990003242300403321 952 $a020.001.BUS.$b1690$fDECGE 959 $aDECGE 996 $aCOLLOQUIO SULLE basI TEORICHE DELLA RICERCAGEOGRAFICA$9448991 997 $aUNINA DB $aING01